| 000 | 00348nam a2200133Ia 4500 | ||
|---|---|---|---|
| 008 | 210430s9999 xx 000 0 und d | ||
| 020 | _a81-7754-315-6 | ||
| 082 | _a662.88 V694 F | ||
| 100 |
_aG.S.Vijayalakshmi _954242 |
||
| 245 |
_aFuels and Biofuels _cG.S.Vijayalakshmi |
||
| 260 |
_aIndia _bAgrobios _c2007 |
||
| 300 | _a274p | ||
| 942 |
_cBK _2ddc |
||
| 999 |
_c564730 _d564730 |
||